000 01787cam a22004814i 4500
003 PE-LiUPU
005 20250731173414.0
008 s2002 sp r 0 d spa 0
020 _a843011405X
035 _a(Sirsi) i9788430114054
035 _a(Sirsi) 46824
035 _a(Sirsi) 46824
041 _aes
082 0 4 _a226.4
_bB78 2
100 1 _aBovon, Francois
245 1 3 _aEl evangelio según San Lucas :
_bLc 9, 51-14, 35 /
_cFrançois Bovon ; [tradujo Alfonso Ortiz García]
_n2.
264 1 _aSalamanca :
_bSígueme,
_c2002.
300 _a663 páginas ;
_c22 centímetros.
336 _atext
_2rdacontent
337 _aunmediated
_2rdamedia
338 _avolume
_2rdacarrier
490 1 _aBiblioteca de estudios bíblicos
_v86
505 0 _aLa falta de hospitalidad de los samaritanos (9,51-56) -- Seguir a Jesús en la vida (9,57-62) -- La difusión del evangelio -- La revelación a los pequeños -- El samaritano o la vida eterna en herencia (10,25-37) -- Marta y María -- El Padren
526 _aSEG42
526 _aSEG41
526 _aSEG40
526 _aSEG39
526 _aP94
526 _aP87
526 _aP86
526 _aP85
526 _aP77
526 _aP76
526 _aP35
630 _aBiblia
_pN.T.
_pLucas
_vCrítica e interpretación
700 1 _aOrtiz García, Alfonso
_etr.
942 _2ddc
_cBOOK
949 _a226.4 B78 2
_i64459
_lCCODEBUL1
_mBUL
_tLIBRO
_o.STAFF. Colección Teología
910 _agl
_bjv
_clch
_d20120417
596 _a1
999 _a226.4 B78 2
_wDEWEY
_c53206
_i64459
_d53206
_e2018-9-23
_f2021-11-9
_g6
_lCCODEBUL1
_mBUL
_n3
_p59.00
_q6
_r0
_sY
_tBOOK
_u2015-7-6
_xTEOLOGIA
_PP35
_0COMPRA
_o.STAFF. Colección Teología
980 _81
_gALBERTO SANCHEZ Responsable de Automatización